[Event "Moscow WCT 14th"]
[Site "Moscow"]
[Date "2011.01.25"]
[Round "4"]
[White "Rozanov, Pavel B"]
[Black "Zizlova, Sofia"]
[Result "1-0"]
[WhiteElo "2297"]
[BlackElo "2088"]
[PlyCount "60"]
[EventDate "2010.12.29"]
[EventType "tourn"]
[EventRounds "9"]
[EventCountry "RUS"]
[SourceTitle "EXT 2013"]
[Source "ChessBase"]
[SourceDate "2012.11.22"]
[SourceVersion "1"]
[SourceVersionDate "2012.11.22"]
[SourceQuality "1"]

1. e4 c5 2. Nf3 d6 3. c3 Nf6 4. h3 e6 5. Bd3 Be7 6. Bc2 Nc6 7. 0-0 0-0 8. Re1 b5 9. d4 cxd4 10. cxd4 Bb7 11. Nbd2 Qb6 12. Nf1 Nb4 13. Bb1 d5 14. e5 Ne4 15. a3 Nc6 16. Ng3 Nxg3 17. fxg3 f5 18. exf6 Bxf6 19. Be3 Rae8 20. Kh2 b4 21. Bc2 a5 22. Rc1 Ne7 23. Qd2 Nf5 24. Bxf5 exf5 25. Bf4 Re4 26. Bc7 Qb5 27. Bd6 Rfe8 28. axb4 Re2 29. Rxe2 Rxe2 30. Qc3 axb4 1-0

[Event "Moscow WCT 14th"]
[Site "Moscow"]
[Date "2011.01.21"]
[Round "8"]
[White "Zizlova, Sofia"]
[Black "Prosviriakov, Vladimir"]
[Result "0-1"]
[WhiteElo "2088"]
[BlackElo "2280"]
[PlyCount "122"]
[EventDate "2010.12.29"]
[EventType "tourn"]
[EventRounds "9"]
[EventCountry "RUS"]
[SourceTitle "EXT 2013"]
[Source "ChessBase"]
[SourceDate "2012.11.22"]
[SourceVersion "1"]
[SourceVersionDate "2012.11.22"]
[SourceQuality "1"]

1. e4 e6 2. Nf3 d5 3. Nc3 Nf6 4. e5 Ne4 5. d4 c5 6. Bd3 Nxc3 7. bxc3 Qa5 8. Bd2 c4 9. Be2 Nc6 10. 0-0 Bd7 11. Ne1 0-0-0 12. f4 g6 13. g4 Be7 14. Ng2 f6 15. exf6 Bxf6 16. Kh1 Kb8 17. Ne3 h5 18. gxh5 gxh5 19. Bxh5 Rdf8 20. Bf3 Qc7 21. Ng4 Ka8 22. Qe2 Bh4 23. Rg1 Bc8 24. Ne5 Nxe5 25. fxe5 Qh7 26. Be3 Bd7 27. Raf1 Be8 28. Bg5 Bxg5 29. Rxg5 Bg6 30. Rg2 a6 31. Rgf2 Ka7 32. Rg1 Rf4 33. Rg4 Rf5 34. Rg3 Rhf8 35. Rfg2 Be8 36. Qe3 Bh5 37. Bxh5 Qxh5 38. Rg1 Rh8 39. R3g2 Qh7 40. Rf2 Rh5 41. Rgg2 Rh3 42. Qd2 Qe4 43. Kg1 R8h5 44. Kf1 Qh7 45. Ke1 Qe7 46. Rg3 Qa3 47. Rxh3 Rxh3 48. Rf6 Rxc3 49. Rxe6 Qb2 50. Kd1 Qb1+ 51. Qc1 Qxa2 52. Rf6 Rh3 53. Rf2 Qa5 54. Qf4 Ra3 55. Rd2 c3 56. Rf2 Qb5 57. Qc1 Qb2 58. Qf4 Ra1+ 59. Ke2 Qxc2+ 60. Kf3 Qd1+ 61. Kg3 c2 0-1

[Event "Moscow WCT 14th"]
[Site "Moscow"]
[Date "2011.01.15"]
[Round "6"]
[White "Zizlova, Sofia"]
[Black "Erzhanov, Arman"]
[Result "1-0"]
[WhiteElo "2088"]
[BlackElo "2310"]
[PlyCount "75"]
[EventDate "2010.12.29"]
[EventType "tourn"]
[EventRounds "9"]
[EventCountry "RUS"]
[SourceTitle "EXT 2013"]
[Source "ChessBase"]
[SourceDate "2012.11.22"]
[SourceVersion "1"]
[SourceVersionDate "2012.11.22"]
[SourceQuality "1"]

1. e4 c5 2. Nf3 d6 3. d4 cxd4 4. Nxd4 Nf6 5. Nc3 a6 6. Be3 e6 7. f3 b5 8. Qd2 b4 9. Na4 Nbd7 10. g4 h6 11. 0-0-0 Qc7 12. h4 Bb7 13. Bh3 Ne5 14. Qxb4 Nxf3 15. Nxf3 Bxe4 16. Nd4 Nd5 17. Qa3 Bxh1 18. Rxh1 Rc8 19. Re1 Be7 20. Bf2 g5 21. Bg2 Nf4 22. Bc6+ Kf8 23. Nb6 Rd8 24. Qf3 d5 25. Rxe6 Bc5 26. Nd7+ Rxd7 27. Bxd7 Qxd7 28. Rxa6 Qb7 29. Ra5 Bb6 30. Qa3+ Kg7 31. Nf5+ Kh7 32. Qd6 Ne6 33. Bxb6 d4 34. b3 d3 35. Ra7 d2+ 36. Kxd2 Qg2+ 37. Kc1 Rc8 38. Rxf7+ 1-0

[Event "Moscow-ch U18"]
[Site "Moscow"]
[Date "2010.11.25"]
[Round "3"]
[White "Zizlova, Sofia"]
[Black "Vavulin, Maksim"]
[Result "1-0"]
[WhiteElo "2088"]
[BlackElo "2149"]
[PlyCount "109"]
[EventDate "2010.11.21"]
[EventType "swiss"]
[EventRounds "9"]
[EventCountry "RUS"]
[SourceTitle "EXT 2012"]
[Source "ChessBase"]
[SourceDate "2011.11.24"]
[SourceVersion "1"]
[SourceVersionDate "2011.11.24"]
[SourceQuality "1"]

1. e4 e5 2. Nf3 Nc6 3. d4 exd4 4. Nxd4 Bc5 5. Nxc6 bxc6 6. Bd3 Qh4 7. Qf3 Nf6 8. Bf4 d5 9. Nd2 Nh5 10. Bg3 Nxg3 11. Qxg3 Qf6 12. 0-0 0-0 13. Nf3 h6 14. exd5 Bd6 15. Qh4 Qxh4 16. Nxh4 cxd5 17. Nf5 Bc5 18. Rfe1 Be6 19. c3 a5 20. b3 g6 21. Nd4 Bd7 22. Re5 c6 23. Rae1 Rfb8 24. Bc2 Kf8 25. h4 h5 26. R5e2 Rb6 27. Rd2 Re8 28. Rxe8+ Kxe8 29. Nf3 Be7 30. g3 Bf6 31. Re2+ Kd8 32. Re3 Rb8 33. Ne5 Be8 34. Bd1 Rb7 35. f4 Be7 36. Kf1 Bc5 37. Rd3 Kc7 38. Ke1 f6 39. Nf3 Bd7 40. Nd4 Kd6 41. Rd2 Bxd4 42. Rxd4 c5 43. Rxd5+ Kxd5 44. Bf3+ Kd6 45. Bxb7 Bf5 46. Kd2 Bb1 47. a3 Kc7 48. Ba6 Ba2 49. Kc2 a4 50. Bc4 Kb6 51. Kb2 axb3 52. Bxb3 Bxb3 53. Kxb3 Kb5 54. a4+ Ka5 55. Kc4 1-0

[Event "Moscow-ch U18"]
[Site "Moscow"]
[Date "2010.11.22"]
[Round "2"]
[White "Zizlova, Sofia"]
[Black "Dorokhin, Danila"]
[Result "1-0"]
[WhiteElo "2088"]
[BlackElo "1977"]
[PlyCount "45"]
[EventDate "2010.11.21"]
[EventType "swiss"]
[EventRounds "9"]
[EventCountry "RUS"]
[SourceTitle "EXT 2012"]
[Source "ChessBase"]
[SourceDate "2011.11.24"]
[SourceVersion "1"]
[SourceVersionDate "2011.11.24"]
[SourceQuality "1"]

1. e4 e5 2. Nf3 Nc6 3. d4 exd4 4. Nxd4 Nf6 5. Nxc6 bxc6 6. Bd3 Be7 7. e5 Nd5 8. Be4 Bb7 9. Qg4 g6 10. Nd2 0-0 11. Qg3 d6 12. c4 Nb6 13. 0-0 dxe5 14. Qxe5 Re8 15. Qc3 Bg5 16. Bf3 Bxd2 17. Bxd2 Nxc4 18. Bf4 Nb6 19. Bh6 f6 20. Qb3+ Kh8 21. Qf7 Rg8 22. Rfe1 Nc8 23. Re6 1-0

[Event "Chigorin Memorial 18th"]
[Site "St Petersburg"]
[Date "2010.11.04"]
[Round "8"]
[White "Vunder, Andrei"]
[Black "Zizlova, Sofia"]
[Result "1-0"]
[WhiteElo "2293"]
[BlackElo "2088"]
[PlyCount "41"]
[EventDate "2010.10.28"]
[EventType "swiss"]
[EventRounds "9"]
[EventCountry "RUS"]
[SourceTitle "EXT 2011"]
[Source "ChessBase"]
[SourceDate "2010.11.26"]
[SourceVersion "1"]
[SourceVersionDate "2010.11.26"]
[SourceQuality "1"]

1. d4 Nf6 2. Nf3 c5 3. c3 b6 4. dxc5 bxc5 5. e4 e6 6. e5 Nd5 7. Na3 Be7 8. Nc4 0-0 9. Bd3 f5 10. h4 h6 11. Qe2 Nc6 12. g4 fxg4 13. Qe4 Rxf3 14. Qh7+ Kf8 15. Bxh6 Bf6 16. exf6 Qxf6 17. Qh8+ Kf7 18. Bg5 Bb7 19. Qh5+ Kf8 20. Bxf6 Nxf6 21. Qxc5+ 1-0

[Event "Chigorin Memorial 18th"]
[Site "St Petersburg"]
[Date "2010.11.01"]
[Round "5"]
[White "Zizlova, Sofia"]
[Black "Kolesnikova, Kristina"]
[Result "1-0"]
[WhiteElo "2088"]
[BlackElo "1918"]
[PlyCount "55"]
[EventDate "2010.10.28"]
[EventType "swiss"]
[EventRounds "9"]
[EventCountry "RUS"]
[SourceTitle "EXT 2011"]
[Source "ChessBase"]
[SourceDate "2010.11.26"]
[SourceVersion "1"]
[SourceVersionDate "2010.11.26"]
[SourceQuality "1"]

1. e4 c5 2. Nf3 e6 3. d3 d5 4. Nbd2 g6 5. g3 Bg7 6. Bg2 Nc6 7. 0-0 Nf6 8. exd5 Nxd5 9. Ne4 b6 10. Bg5 f6 11. c4 fxg5 12. cxd5 exd5 13. Qa4 Qc7 14. Nexg5 0-0 15. Nxh7 Rd8 16. Qh4 Bxb2 17. Nf6+ Bxf6 18. Qxf6 Rd6 19. Qf4 Nb4 20. Ne5 Bb7 21. Nxg6 Nxd3 22. Qg5 Kh7 23. Ne7 Nb4 24. Bh3 d4 25. Rae1 d3 26. Bf5+ Kh8 27. Qh5+ Kg7 28. Qh7+ 1-0

[Event "Moscow-ch (Women)"]
[Site "Moscow"]
[Date "2010.05.27"]
[Round "7"]
[White "Zizlova, Sofia"]
[Black "Tereshechkina, Maya"]
[Result "0-1"]
[WhiteElo "2087"]
[BlackElo "2047"]
[PlyCount "56"]
[EventDate "2010.05.21"]
[EventType "swiss"]
[EventRounds "9"]
[EventCountry "RUS"]
[SourceTitle "CBM 136 Extra"]
[Source "ChessBase"]
[SourceDate "2010.07.02"]
[SourceVersion "2"]
[SourceVersionDate "2010.07.15"]
[SourceQuality "1"]

1. d4 d5 2. c4 c6 3. Nf3 Nf6 4. Nc3 e6 5. Bg5 dxc4 6. e4 b5 7. e5 h6 8. Bh4 g5 9. Nxg5 hxg5 10. Bxg5 Nbd7 11. exf6 Bb7 12. g3 Qb6 13. Bg2 0-0-0 14. 0-0 Ne5 15. Be3 c5 16. dxc5 Bxc5 17. Bxc5 Qxc5 18. Bxb7+ Kxb7 19. Qe2 Rh3 20. b4 cxb3 21. axb3 Qxc3 22. Qxb5+ Ka8 23. Rfc1 Nf3+ 24. Kf1 Nxh2+ 25. Kg2 Qf3+ 26. Kg1 Rxg3+ 27. fxg3 Qxg3+ 28. Kh1 Qf3+ 0-1